Largest Cities in my Opinion - Statistics

General Stats
  • This quiz has been taken 17 times
  • The average score is 28 of 33
Answer Stats
Hint Answer % Correct
21M Beijing
100%
30M Delhi
100%
20M Mexico City
100%
14M Moscow
100%
25M Mumbai
100%
18M New York
100%
21M São Paulo
100%
34M Tokyo
100%
12M Buenos Aires
94%
16M Cairo
94%
10M London
94%
14M Los Angeles
94%
10M Paris
94%
35M Shanghai
94%
15M Bangkok
88%
28M Guangzhou
88%
26M Jakarta
88%
14M Lagos
88%
19M Manila
88%
14M Osaka
88%
11M Rio de Janeiro
88%
15M Seoul
88%
16M Istanbul
81%
12M Dhaka
75%
13M Karachi
75%
10M Lima
75%
13M Kolkata
69%
12M Kinshasa
63%
10M Tehran
63%
10M Chengdu
56%
13M Ho Chi Minh City
56%
16M Shenzhen
50%
11M Hangzhou
38%
No matching quizzes found
Score Distribution
Percent of People with Each Score
Percentile by Number Answered
Your Score History
You have not taken this quiz